Family guide to medicine & health /

Bibliographic Details
Corporate Author: Editors of the Reader's Digest
Format: Book
Published: New York: Reader's Digest Association, 2005.
Subjects:
LEADER 00628cam a2200193 7i4500
001 0000024789
005 20151104090000.0
005 ##20151104130700.0
003 ##MY-KlINT
020 # # |a 9789622583528  
039 # 9 |y 201511041307  |z VLOAD 
090 0 0 |a E(R) 616   |b FAM 
245 0 0 |a Family guide to medicine & health /   |c selected by the editors of the Reader's Digest. 
260 # # |a New York:   |b Reader's Digest Association,   |c 2005. 
300 # # |a 671p:   |b ill;   |c 28cm. 
500 # # |a Cover title:Reader's Digest family guide to medicine and health 
650 # 0 |a Family medicine  
650 # 0 |a Family practice  
710 0 # |a Editors of the Reader's Digest